| 000 | 00498nam a2200181 a 4500 | ||
|---|---|---|---|
| 020 | _a(hb) | ||
| 082 |
_a954.031 _bCUN |
||
| 100 | 1 |
_aHardinge, Charles Viscount _950340 |
|
| 245 | 1 | _aRulers of India. | |
| 260 |
_aOxford : _bClarendon Press, _c1892. |
||
| 300 | _a196p. | ||
| 526 |
_a0 _b0 _c0 _d954_031000000000000_CUN |
||
| 526 |
_a0 _b0 _c0 _d954_031000000000000_RUL |
||
| 526 |
_a0 _b0 _c0 _d954_031000000000000_STE |
||
| 650 | 0 |
_aIndia -- History. _96814 |
|
| 650 | 0 |
_aMCE _9379 |
|
| 942 |
_2ddc _cBK |
||
| 999 |
_c553063 _d553063 |
||